Red Wine Supernova - Chappell Roan (All Lyrics) - Statistics

General Stats
  • This quiz has been taken 384 times
  • The average score is 251 of 303
Answer Stats
Lyrics % Correct
a
99%
I
99%
(I
99%
me
98%
in
97%
you
96%
You
96%
it
95%
Red
95%
supernova,
95%
wine
95%
right
93%
right)
93%
to
93%
don't
92%
(Don't
92%
know
92%
my
92%
the
92%
Baby,
90%
baby,
90%
come
90%
over?
90%
why
90%
and
89%
And
89%
of
89%
She
89%
did
88%
get
88%
you're
88%
didn't
87%
So
87%
that
87%
want
87%
Want
87%
was
87%
it's
86%
It's
86%
like
86%
like)
86%
fall
85%
into
85%
just
85%
make
85%
on
85%
care
84%
(No
84%
things
84%
playboy,
83%
her
82%
(Let's
82%
let's
82%
Let's
82%
neck
82%
side
82%
stoner
82%
there
82%
down,
80%
out
80%
wanna
80%
Put
79%
teeth
79%
bed
78%
got
78%
I'm
78%
showed
78%
ya
78%
canine
77%
for
77%
think
77%
love
76%
this
75%
with
75%
move
74%
rabbit
74%
through
74%
boots
73%
cool)
73%
freaky,
73%
fuck
73%
maybe
73%
Now
73%
now)
73%
really
73%
twin
73%
wand
73%
back
72%
deck
72%
hair
72%
I've
72%
king
72%
magic
72%
Mini
72%
up,
72%
up
72%
waitin'
72%
we're
72%
will
72%
falling
71%
go-go
71%
heard
71%
Long
71%
quite
71%
skirt
71%
told
71%
worry,
71%
'cause
70%
squeaky
70%
type
70%
What
70%
(What
70%
bra)
69%
California
69%
Fell
69%
kinky
69%
slow
69%
(That's
69%
thought
69%
at
68%
house
68%
girl)
67%
(Okay,
66%
Okay,
66%
roommates
65%
(Uh
65%
uh)
65%
uh,
65%
Bardot
64%
hallway
64%
some
64%
Well,
63%
face
60%
Guess
60%
burnt
59%
sit
59%
new
56%
Brigitte
54%
choked
54%
pick
54%
(Nah
33%
y'all,
31%
No matching quizzes found
Score Distribution
Percent of People with Each Score
Percentile by Number Answered
Your Score History
You have not taken this quiz